Statistics for Connecticut State Quiz

Click here to take the quiz!

General Stats

  • This quiz has been taken 147 times
  • The average score is 4 of 10

Answer Stats

HintAnswer% Correct
Third largest city + CapitalHartford
99%
Largest cityBridgeport
90%
Second largest cityNew Haven
84%
New London and Norwich are on what river?Thames River
41%
Trail between Springer Mountain and Mt. Katahdin that runs through connecticutAppalachian Trail
39%
Archipelago southeast of BranfordThimble Islands
15%
Highest pointMt. Frissell
8%
Above is in what mountain rangeTaconic Mountains
8%
Above is on what riverHousatonic River
6%
#4 is in what valley?Central Valley
2%

Score Distribution

Percentile by Number Answered

Percent of People with Each Score

Your Score History

You have not taken this quiz